<?xml version="1.0" encoding="UTF-8"?>
<record
    xmlns:xsi="http://www.w3.org/2001/XMLSchema-instance"
    xsi:schemaLocation="http://www.loc.gov/MARC21/slim http://www.loc.gov/standards/marcxml/schema/MARC21slim.xsd"
    xmlns="http://www.loc.gov/MARC21/slim">

  <leader>05076nam a22006737a 4500</leader>
  <controlfield tag="001">BRCA_9176</controlfield>
  <controlfield tag="003">FranzMayer</controlfield>
  <controlfield tag="005">20220809124320.0</controlfield>
  <controlfield tag="008">220629b        |||||||| |||| 00| 0 spa d</controlfield>
  <datafield tag="010" ind1=" " ind2=" ">
    <subfield code="a">  2018381958</subfield>
  </datafield>
  <datafield tag="020" ind1=" " ind2=" ">
    <subfield code="a">9786070289132</subfield>
  </datafield>
  <datafield tag="040" ind1=" " ind2=" ">
    <subfield code="a">DLC</subfield>
    <subfield code="b">spa</subfield>
    <subfield code="e">rda</subfield>
    <subfield code="c">DLC</subfield>
  </datafield>
  <datafield tag="041" ind1=" " ind2=" ">
    <subfield code="a">spa</subfield>
  </datafield>
  <datafield tag="050" ind1="0" ind2="0">
    <subfield code="a">PN6268.T7</subfield>
    <subfield code="b">V53 2017</subfield>
  </datafield>
  <datafield tag="111" ind1="2" ind2=" ">
    <subfield code="a">Coloquio Internacional El Viajero y la Ciudad</subfield>
    <subfield code="d">2007 :</subfield>
    <subfield code="c">Universidad Nacional Aut&#xF3;noma de M&#xE9;xico</subfield>
    <subfield code="9">28377</subfield>
  </datafield>
  <datafield tag="245" ind1="1" ind2="3">
    <subfield code="a">El viajero y la ciudad /</subfield>
    <subfield code="c">coord. y ed., Miguel &#xC1;ngel Castro ; colab. de Ana Mar&#xED;a Romero Valle.</subfield>
  </datafield>
  <datafield tag="250" ind1=" " ind2=" ">
    <subfield code="a">Primera edici&#xF3;n.</subfield>
  </datafield>
  <datafield tag="264" ind1=" " ind2="1">
    <subfield code="a">Ciudad de M&#xE9;xico :</subfield>
    <subfield code="b">Universidad Nacional Aut&#xF3;noma de M&#xE9;xico, Instituto de Investigaciones Bibliogr&#xE1;ficas,</subfield>
    <subfield code="c">2017.</subfield>
  </datafield>
  <datafield tag="264" ind1=" " ind2="4">
    <subfield code="c">&#xA9;2017</subfield>
  </datafield>
  <datafield tag="300" ind1=" " ind2=" ">
    <subfield code="a">331 p&#xE1;ginas :</subfield>
    <subfield code="b">il., mapas e im&#xE1;genes fotogr&#xE1;ficas ;</subfield>
    <subfield code="c">23 cm</subfield>
  </datafield>
  <datafield tag="336" ind1=" " ind2=" ">
    <subfield code="a">text</subfield>
    <subfield code="b">txt</subfield>
    <subfield code="2">rdacontent</subfield>
  </datafield>
  <datafield tag="337" ind1=" " ind2=" ">
    <subfield code="a">unmediated</subfield>
    <subfield code="b">n</subfield>
    <subfield code="2">rdamedia</subfield>
  </datafield>
  <datafield tag="338" ind1=" " ind2=" ">
    <subfield code="a">volume</subfield>
    <subfield code="b">nc</subfield>
    <subfield code="2">rdacarrier</subfield>
  </datafield>
  <datafield tag="500" ind1=" " ind2=" ">
    <subfield code="a">Ubicaci&#xF3;n: L60-N1</subfield>
  </datafield>
  <datafield tag="500" ind1=" " ind2=" ">
    <subfield code="a">Incluye imagen  de la Colecci&#xF3;n Franz Mayer (125 p.)</subfield>
  </datafield>
  <datafield tag="504" ind1=" " ind2=" ">
    <subfield code="a">Incluye referencias bibliogr&#xE1;ficas</subfield>
  </datafield>
  <datafield tag="505" ind1="0" ind2=" ">
    <subfield code="t">"El espect&#xE1;culo que ten&#xED;a ante mis ojos no respond&#xED;a a mis expectativas": la ciudad y la decepci&#xF3;n del viajero de Rousseau a Ren&#xE9; Caill&#xE9; / </subfield>
    <subfield code="r">Sylvain Venayre</subfield>
  </datafield>
  <datafield tag="505" ind1="0" ind2=" ">
    <subfield code="t">Par&#xED;s-Londres: una tinta de vapor y de carb&#xF3;n. El adi&#xF3;s al viaje rom&#xE1;ntico y el nacimiento del reportaje urbano / </subfield>
    <subfield code="r">Marie-&#xC8;ve Th&#xE9;renty</subfield>
  </datafield>
  <datafield tag="505" ind1="0" ind2=" ">
    <subfield code="t">Destino prescritos, transportes modernos y gu&#xED;as fastidiosos : la experiencia latinoamericano de las ciudades europeas a finales del siglo XIX / </subfield>
    <subfield code="r">Leonor Garc&#xED;a Mill&#xE9;</subfield>
  </datafield>
  <datafield tag="505" ind1="0" ind2=" ">
    <subfield code="t">Andamios de la ilusi&#xF3;n y del desenga&#xF1;o : mexicanos en Par&#xED;s / </subfield>
    <subfield code="r">Miguel &#xC1;ngel Castro</subfield>
  </datafield>
  <datafield tag="505" ind1="0" ind2=" ">
    <subfield code="t">La novela y el espacio : las aventuras de la aventura en Francia desde finales del siglo XVIII / </subfield>
    <subfield code="r">Sylvain Venayre</subfield>
  </datafield>
  <datafield tag="505" ind1="0" ind2=" ">
    <subfield code="t">Viajes y ciudades ficticios en novelas del siglo XIX : Goethe, Keller, Flaubert, Verne /</subfield>
    <subfield code="r">Dietrich Rall</subfield>
  </datafield>
  <datafield tag="505" ind1="0" ind2=" ">
    <subfield code="t">Im&#xE1;genes de poder : claustros, c&#xFA;pulas y campanarios / </subfield>
    <subfield code="r">Mar&#xED;a Esther P&#xE9;rez Salas</subfield>
  </datafield>
  <datafield tag="505" ind1="0" ind2=" ">
    <subfield code="t">Las transformaciones de un espacio p&#xFA;blico en la obra de los artistas viajeros, 1821-1850 / </subfield>
    <subfield code="r">Mar&#xED;a Jos&#xE9; Esparza Liberal</subfield>
  </datafield>
  <datafield tag="505" ind1="0" ind2=" ">
    <subfield code="t">M&#xFA;sicos viajeros : una visi&#xF3;n de la m&#xFA;sica mexicana del siglo XIX escuchada e interprete por extranjeros / </subfield>
    <subfield code="r">Mar&#xED;a de los &#xC1;ngeles Chapa Bezanilla</subfield>
  </datafield>
  <datafield tag="505" ind1="0" ind2=" ">
    <subfield code="t">Hacia los confines del asombro : viaje a Yucat&#xE1;n, 1841-1842 : John L. Stephens y Frederick Catherwood / </subfield>
    <subfield code="r">Eugenio Aguirre</subfield>
  </datafield>
  <datafield tag="505" ind1="0" ind2=" ">
    <subfield code="t">Carl Christian Sartorius : la vida cotidiana y pol&#xED;tica de la Ciudad de M&#xE9;xico en 1850 / </subfield>
    <subfield code="r">Edwin Alc&#xE1;ntara</subfield>
  </datafield>
  <datafield tag="505" ind1="0" ind2=" ">
    <subfield code="t">La exaltaci&#xF3;n de la Ciudad de M&#xE9;xico por Niceto de Zamacois, 1855-1882 / </subfield>
    <subfield code="r">Jos&#xE9; Enrique Covarrubias</subfield>
  </datafield>
  <datafield tag="505" ind1="0" ind2=" ">
    <subfield code="t">La experiencia mexicana de tres militares del Segundo Imperio : Carl Khevenh&#xFC;ller, Henrik Eggers y James F. Elton / </subfield>
    <subfield code="r">Ana Mar&#xED;a Romero Valle</subfield>
  </datafield>
  <datafield tag="505" ind1="0" ind2=" ">
    <subfield code="t">De Madrid a la Ciudad de M&#xE9;xico : epistolario de viaje de Adolfo Llanos Alcaraz a Manuel Ossorio y Bernard / </subfield>
    <subfield code="r">Lilia Vieyra S&#xE1;nchez</subfield>
  </datafield>
  <datafield tag="505" ind1="0" ind2=" ">
    <subfield code="t">El viajero como antih&#xE9;roe : Eduard y Caecilie Seler / </subfield>
    <subfield code="r">Renata von Hanffstengel Pohlenz</subfield>
  </datafield>
  <datafield tag="505" ind1="0" ind2=" ">
    <subfield code="t">Un indiano / </subfield>
    <subfield code="r">Aurora Cano Andaluz</subfield>
  </datafield>
  <datafield tag="505" ind1="0" ind2=" ">
    <subfield code="t">"No he hecho m&#xE1;s que expresar las impresiones que causaban en mi alma los objetos nuevos para m&#xED; que ve&#xED;a en este viaje": Luis de la Rosa / </subfield>
    <subfield code="r">Laura Su&#xE1;rez de la Torre</subfield>
  </datafield>
  <datafield tag="505" ind1="0" ind2=" ">
    <subfield code="t">Margarita Maza de Ju&#xE1;rez : cartas desde Nueva York / </subfield>
    <subfield code="r">Vicente Quirarte</subfield>
  </datafield>
  <datafield tag="505" ind1="0" ind2=" ">
    <subfield code="t">Agust&#xED;n Rivera visita Londres / </subfield>
    <subfield code="r">Sergio L&#xF3;pez Mena</subfield>
  </datafield>
  <datafield tag="505" ind1="0" ind2=" ">
    <subfield code="t">Mexicanos en Par&#xED;s : visi&#xF3;n de la Ciudad Luz a partir de los diarios &#xED;ntimos / </subfield>
    <subfield code="r">Miguel Rodr&#xED;guez</subfield>
  </datafield>
  <datafield tag="505" ind1="0" ind2=" ">
    <subfield code="t">Laura M&#xE9;ndez de Cuenca : cr&#xF3;nicas de una viajera (sobre ciudades y costumbres en el extranjero) / </subfield>
    <subfield code="r">Pablo Mora y Roberto S&#xE1;nchez S&#xE1;nchez</subfield>
  </datafield>
  <datafield tag="505" ind1="0" ind2=" ">
    <subfield code="t">Miradas en tierra "yankee" : cr&#xF3;nicas de viaje de Justo Sierra / </subfield>
    <subfield code="r">Blanca Estela Trevi&#xF1;o</subfield>
  </datafield>
  <datafield tag="505" ind1="0" ind2=" ">
    <subfield code="t">Conociendo Estados Unidos : la correspondencia viajera entre Rafael Reynal y Carlos Gastelu (1832-1834) / </subfield>
    <subfield code="r">Ana Rosa Su&#xE1;rez Arg&#xFC;ello</subfield>
  </datafield>
  <datafield tag="520" ind1=" " ind2=" ">
    <subfield code="a">"A lo largo de sus tres secciones "Viajes y ciudades", "Extranjeros en la Ciudad de M&#xE9;xico" y "Mexicanos en otras ciudades", este libro construye su horizonte a partir de diversas perspectivas de viajeros desde el siglo XVIII hasta principios del XX, e invita a pensar en la literatura de viaje como un mecanismo para ahondar en las posibilidades del autodescubrimiento, al explorar otras latitudes."</subfield>
  </datafield>
  <datafield tag="650" ind1=" " ind2="0">
    <subfield code="a">Escritos de viajeros</subfield>
    <subfield code="y">Siglo XIX</subfield>
    <subfield code="x">Historia y critica</subfield>
    <subfield code="v">Congreso.</subfield>
    <subfield code="9">28378</subfield>
  </datafield>
  <datafield tag="650" ind1=" " ind2="0">
    <subfield code="a">Escritos de viajeros</subfield>
    <subfield code="y">Siglo XIX</subfield>
    <subfield code="x">Historia y cr&#xED;tica</subfield>
    <subfield code="v">Congresos.</subfield>
    <subfield code="z">M&#xE9;xico</subfield>
    <subfield code="9">28379</subfield>
  </datafield>
  <datafield tag="651" ind1=" " ind2="0">
    <subfield code="a">Ciudad de M&#xE9;xico</subfield>
    <subfield code="x">An&#xE9;cdotas</subfield>
    <subfield code="x">Viajes</subfield>
    <subfield code="9">28380</subfield>
  </datafield>
  <datafield tag="700" ind1="1" ind2=" ">
    <subfield code="a">Castro, Miguel Angel,</subfield>
    <subfield code="e">editor y coordinador</subfield>
    <subfield code="9">28381</subfield>
  </datafield>
  <datafield tag="700" ind1="1" ind2=" ">
    <subfield code="a">Romero Valle, Ana Mar&#xED;a,</subfield>
    <subfield code="e">colaboradora</subfield>
    <subfield code="9">28382</subfield>
  </datafield>
  <datafield tag="710" ind1="2" ind2=" ">
    <subfield code="a">Universidad Nacional Aut&#xF3;noma de M&#xE9;xico.</subfield>
    <subfield code="b">Instituto de Investigaciones Bibliogr&#xE1;ficas.</subfield>
    <subfield code="9">28383</subfield>
  </datafield>
  <datafield tag="942" ind1=" " ind2=" ">
    <subfield code="2">lcc</subfield>
    <subfield code="c">B</subfield>
  </datafield>
  <datafield tag="999" ind1=" " ind2=" ">
    <subfield code="c">10795</subfield>
    <subfield code="d">10795</subfield>
  </datafield>
  <datafield tag="952" ind1=" " ind2=" ">
    <subfield code="0">0</subfield>
    <subfield code="1">0</subfield>
    <subfield code="2">lcc</subfield>
    <subfield code="4">0</subfield>
    <subfield code="7">0</subfield>
    <subfield code="a">BRCA</subfield>
    <subfield code="b">BRCA</subfield>
    <subfield code="d">2022-06-29</subfield>
    <subfield code="l">0</subfield>
    <subfield code="o">PN6268.T7 V53 2017</subfield>
    <subfield code="p">CONT9949</subfield>
    <subfield code="r">2022-06-29 00:00:00</subfield>
    <subfield code="t">1</subfield>
    <subfield code="w">2022-06-29</subfield>
    <subfield code="y">B</subfield>
  </datafield>
</record>
